000 00513nam a2200217Ia 4500
008 170918s9999 xx 000 0 und d
020 _a9780531221747
050 _bW636ha 2008
100 _aBrooks, Philip
245 _aHannibal :
245 _bRome's worst nightmare /
245 _cby Philip Brooks.
260 _aNew York :
260 _bScholastic,
260 _c2008
300 _a128 pages :
300 _billustrations :
300 _c18cm.
300 _eA wicked history.
500 _a900
999 _c344171
_d344171